000 01054nam a22002417a 4500
010 _aA-169915
020 _c40.00
035 _aA-169915
037 _aCen Lib/Ret
040 _aDPL
_bEN
082 _a531.3
_bग्लासइ
100 _aग्लास, इरवन इजरायल
_9115239
245 _aप्रघाती तरेंगे और मानव /
_cइरवन इजरायल ग्लास ; अनुवादक सी. एल. गर्ग, एच. गुप्ता
246 _aShock waves and man /
260 _aगाजियाबाद ;
_bभगीरथ सेवा संस्थान,
_c1983
270 _aराजनगर गाजियाबाद
_bगाजियाबाद
_e201002
300 _a186p ;
_b24cm(Hb)
650 _aShock waves.
_934608
650 _aAcoustic phenomena in nature.
_9115240
700 _aगर्ग, सी. एल.
_973
700 _aगुप्ता, एच. सी.
_9115241
942 _2ddc
_cEN
_h531.3
_mग्लासइ
999 _c121915
_d121915